| 000 -LEADER |
| fixed length control field |
01075nam a2200325 a 4500 |
| 001 - CONTROL NUMBER |
| control field |
015322864 |
| 003 - CONTROL NUMBER IDENTIFIER |
| control field |
UkOxU |
| 005 - DATE AND TIME OF LATEST TRANSACTION |
| control field |
20190802103224.0 |
| 008 - FIXED-LENGTH DATA ELEMENTS--GENERAL INFORMATION |
| fixed length control field |
020409r20022001enka 001 0 eng |
| 015 ## - NATIONAL BIBLIOGRAPHY NUMBER |
| National bibliography number |
GBA2-Z7615 |
| 020 ## - INTERNATIONAL STANDARD BOOK NUMBER |
| International Standard Book Number |
0141006870 (pbk.) |
| 020 ## - INTERNATIONAL STANDARD BOOK NUMBER |
| International Standard Book Number |
9780141006871 |
| 035 ## - SYSTEM CONTROL NUMBER |
| System control number |
(CStRLIN)UKBPGBA2Z7615-B |
| 040 ## - CATALOGING SOURCE |
| Original cataloging agency |
BDS |
| Transcribing agency |
BDS |
| Modifying agency |
Uk |
| 082 04 - DEWEY DECIMAL CLASSIFICATION NUMBER |
| Classification number |
394.120 SCH |
| Edition number |
21 |
| 100 1# - MAIN ENTRY--PERSONAL NAME |
| Personal name |
Schlosser, Eric. |
| Relator term |
author |
| 245 10 - TITLE STATEMENT |
| Title |
Fast food nation : |
| Remainder of title |
what the all-American meal is doing to the world / |
| Statement of responsibility, etc. |
Eric Schlosser. |
| 260 ## - PUBLICATION, DISTRIBUTION, ETC. |
| Place of publication, distribution, etc. |
London : |
| Name of publisher, distributor, etc. |
Penguin, |
| Date of publication, distribution, etc. |
2002. |
| 300 ## - PHYSICAL DESCRIPTION |
| Extent |
386 p. : |
| Other physical details |
ill. ; |
| Dimensions |
20 cm. |
| 500 ## - GENERAL NOTE |
| General note |
Originally published 2001. Reprinted with a new afterword by the author. |
| 500 ## - GENERAL NOTE |
| General note |
Includes bibliography and index. |
| 650 #0 - SUBJECT ADDED ENTRY--TOPICAL TERM |
| Topical term or geographic name entry element |
Convenience foods |
| Geographic subdivision |
United States. |
| 650 #0 - SUBJECT ADDED ENTRY--TOPICAL TERM |
| Topical term or geographic name entry element |
Food habits |
| Geographic subdivision |
United States. |
| 650 #0 - SUBJECT ADDED ENTRY--TOPICAL TERM |
| Topical term or geographic name entry element |
Convenience foods. |
| 942 ## - ADDED ENTRY ELEMENTS (KOHA) |
| Source of classification or shelving scheme |
|
| Koha item type |
Books - Non Ficton |